| 000 | 00489nam a22001691c 4500 | ||
|---|---|---|---|
| 001 | a987659202 | ||
| 008 | 071112s2007 gw |||| 000u eng d | ||
| 041 | _aeng | ||
| 100 | 1 | _aSchönle, Andreas | |
| 245 | 0 | 4 |
_aThe Ruler in the Garden : _bPolitics and Landscape Design in Imperial Russia |
| 264 |
_aOxford : _bPeter Lang, _c2007 |
||
| 300 | _a395 S. | ||
| 942 | _cMG | ||
| 040 | _cRU-10907106 | ||
| 003 | RU-10907106 | ||
| 999 |
_c14361 _d14361 |
||
| 490 | 0 |
_aRussian Transformations : Literature, Thought, Culture _v1 |
|